[Event "Ruhrgebiet Verbandsliga Gruppe 2 1617"]
[Site "Germany"]
[Date "2017.02.19"]
[Round "7.6"]
[White "Wallhof, Dieter"]
[Black "Bauch, Ralf"]
[Result "1/2-1/2"]
[WhiteElo "1834"]
[BlackElo "1960"]
[PlyCount "42"]
[EventDate "2016.09.04"]
[EventType "team-tourn"]
[EventRounds "9"]
[EventCountry "GER"]
[SourceTitle "EXT 2022"]
[Source "ChessBase"]
[SourceDate "2021.10.06"]
[SourceVersion "1"]
[SourceVersionDate "2021.10.06"]
[SourceQuality "1"]
[WhiteTeam "Welper SV II"]
[BlackTeam "Brambauer"]
[WhiteTeamCountry "GER"]
[BlackTeamCountry "GER"]

1. d4 Nf6 2. c4 e6 3. Nc3 Bb4 4. Qc2 0-0 5. Nf3 c5 6. dxc5 Bxc5 7. Bg5 h6 8. Bxf6 Qxf6 9. e3 b6 10. Bd3 Bb4 11. Rc1 Bb7 12. Ke2 Bxc3 13. Qxc3 Qxc3 14. Rxc3 Na6 15. Rhc1 Nc5 16. Bb1 a5 17. b3 Rfd8 18. g3 d5 19. cxd5 Ba6+ 20. Ke1 Rxd5 21. Nd4 g6 1/2-1/2

[Event "Ruhrgebiet Verbandsliga Gruppe 2 1617"]
[Site "Germany"]
[Date "2016.09.04"]
[Round "1.6"]
[White "Bauch, Ralf"]
[Black "Hillebrand, Carsten"]
[Result "1-0"]
[WhiteElo "1960"]
[BlackElo "1890"]
[PlyCount "161"]
[EventDate "2016.09.04"]
[EventType "team-tourn"]
[EventRounds "9"]
[EventCountry "GER"]
[SourceTitle "EXT 2022"]
[Source "ChessBase"]
[SourceDate "2021.10.06"]
[SourceVersion "1"]
[SourceVersionDate "2021.10.06"]
[SourceQuality "1"]
[WhiteTeam "Brambauer"]
[BlackTeam "Dortmund Hansa II"]
[WhiteTeamCountry "GER"]
[BlackTeamCountry "GER"]

1. d4 Nf6 2. c4 g6 3. Nc3 Bg7 4. e4 d6 5. Nf3 0-0 6. Be2 e5 7. d5 a5 8. h4 Na6 9. Nd2 Nc5 10. g4 a4 11. g5 Nh5 12. Nf3 Bd7 13. Be3 Qb8 14. Bxc5 dxc5 15. Qd2 Ra6 16. Qe3 Qa7 17. 0-0-0 Qb6 18. Nh2 Nf4 19. Bg4 Be8 20. Nf1 h5 21. Be2 Bd7 22. Nd2 Qb4 23. Ndb1 Raa8 24. Na3 Qb6 25. Bf1 Rfd8 26. Rd2 Bf8 27. Ne2 Nxe2+ 28. Bxe2 Bd6 29. Qc3 Qb4 30. Rd3 Qxc3+ 31. Rxc3 Kg7 32. Bd1 Ra5 33. Re1 Rda8 34. Bc2 R8a7 35. f4 Ra8 36. f5 f6 37. gxf6+ Kxf6 38. fxg6 Kxg6 39. Rg3+ Bg4 40. Bd1 Rf8 41. Bxg4 hxg4 42. Rxg4+ Kh7 43. Reg1 Rf7 44. Rg5 Bf8 45. Rf5 Rxf5 46. exf5 Ra6 47. Nb5 Rf6 48. Rf1 Rh6 49. Nxc7 Rxh4 50. b3 axb3 51. axb3 e4 52. Ne6 Bh6+ 53. Kd1 Rh2 54. Nxc5 e3 55. Rf3 Rh1+ 56. Ke2 Rh2+ 57. Ke1 Rh1+ 58. Rf1 Rh2 59. Ne4 Ra2 60. d6 Ra1+ 61. Ke2 Ra2+ 62. Kf3 Ra8 63. Rh1 Kg7 64. Rxh6 Kxh6 65. Kxe3 Kg7 66. Kd4 Kf7 67. c5 Ra1 68. Kc4 Rf1 69. f6 Ke6 70. Kb5 Rf4 71. Nd2 Rxf6 72. Nc4 Rf3 73. b4 Rf4 74. Na5 b6 75. Kxb6 Rxb4+ 76. Kc6 Ra4 77. Nb7 Ra6+ 78. Kc7 Ra7 79. d7 Rxb7+ 80. Kxb7 Kxd7 81. c6+ 1-0

[Event "Ruhrgebiet Verbandsliga Gruppe 1 1415"]
[Site "Germany"]
[Date "2014.11.16"]
[Round "3.7"]
[White "Ghajar Koshravi, Ariaan"]
[Black "Bauch, Ralf"]
[Result "0-1"]
[WhiteElo "1795"]
[BlackElo "1925"]
[PlyCount "86"]
[EventDate "2014.09.21"]
[EventType "team-tourn"]
[EventRounds "9"]
[EventCountry "GER"]
[SourceTitle "EXT 2022"]
[Source "ChessBase"]
[SourceDate "2021.10.06"]
[SourceVersion "1"]
[SourceVersionDate "2021.10.06"]
[SourceQuality "1"]
[WhiteTeam "Steele/Kray Rochade"]
[BlackTeam "Brambauer"]
[WhiteTeamCountry "GER"]
[BlackTeamCountry "GER"]

1. e4 e6 2. d4 d5 3. exd5 exd5 4. Bd3 Bd6 5. Qf3 Ne7 6. Ne2 Nbc6 7. Nbc3 Nb4 8. Bg5 Nxd3+ 9. Qxd3 c6 10. 0-0 Qc7 11. Kh1 f6 12. Bh4 Bf5 13. Qe3 0-0 14. Bg3 Rfe8 15. Qd2 Bg6 16. Bxd6 Qxd6 17. Rfe1 Rad8 18. Ng3 Qb4 19. Rab1 Nf5 20. Rxe8+ Rxe8 21. Nxf5 Bxf5 22. a3 Qe7 23. h3 Kf7 24. Kg1 Qe6 25. Rc1 g5 26. Kf1 Qd6 27. Re1 Rxe1+ 28. Kxe1 Qh2 29. g4 Bg6 30. Qe3 Bxc2 31. Kd2 Bg6 32. Na4 b6 33. b4 Qh1 34. Qg3 Qb1 35. Qc7+ Kg8 36. Qd8+ Kg7 37. Qd7+ Bf7 38. Qxc6 Qb3 39. Nc3 Qb2+ 40. Ke1 Qxa3 41. b5 Qb4 42. Kf1 Qxd4 43. Ne2 Qd1+ 0-1

[Event "NRW Verbandsliga Group1 1314"]
[Site "Nordrheinwestfalen"]
[Date "2014.04.06"]
[Round "9.8"]
[White "Bauch, Ralf"]
[Black "Mandl, Stefan"]
[Result "1/2-1/2"]
[WhiteElo "1925"]
[BlackElo "1862"]
[PlyCount "71"]
[EventDate "2013.09.08"]
[EventType "team-tourn"]
[EventRounds "9"]
[EventCountry "GER"]
[SourceTitle "EXT 2020"]
[Source "ChessBase"]
[SourceDate "2019.10.17"]
[SourceVersion "1"]
[SourceVersionDate "2019.10.17"]
[SourceQuality "1"]
[WhiteTeam "Doppelbauer Brambauer"]
[BlackTeam "Listiger Bauer Essen"]
[WhiteTeamCountry "GER"]
[BlackTeamCountry "GER"]

1. d4 Nf6 2. Nf3 e6 3. g3 b6 4. Bg2 Bb7 5. 0-0 c5 6. c3 Be7 7. Bf4 d6 8. Re1 0-0 9. Qb3 Nbd7 10. Na3 Nh5 11. Be3 a6 12. Red1 Qc7 13. Rac1 Rac8 14. Qc2 Nhf6 15. Nb1 Rfd8 16. Ne1 Ng4 17. Qd2 Nxe3 18. Qxe3 Nf6 19. dxc5 dxc5 20. c4 Ng4 21. Qb3 Bg5 22. Bxb7 Qxb7 23. Rxd8+ Rxd8 24. Rd1 Qc7 25. Nd3 Bf6 26. Nd2 Ne5 27. Ne4 Be7 28. f4 Nc6 29. e3 Na5 30. Qc2 Nb7 31. b3 Nd6 32. Nxd6 Bxd6 33. Nf2 Be7 34. Rd3 Rxd3 35. Qxd3 Qd6 36. Qxd6 1/2-1/2

[Event "NRW Verbandsliga Group1 1314"]
[Site "Nordrheinwestfalen"]
[Date "2014.03.09"]
[Round "8"]
[White "Thierschmann, Lutz"]
[Black "Bauch, Ralf"]
[Result "0-1"]
[WhiteElo "1670"]
[BlackElo "1925"]
[PlyCount "54"]
[EventDate "2013.09.08"]
[EventType "team-tourn"]
[EventRounds "9"]
[EventCountry "GER"]
[SourceTitle "EXT 2020"]
[Source "ChessBase"]
[SourceDate "2019.10.17"]
[SourceVersion "1"]
[SourceVersionDate "2019.10.17"]
[SourceQuality "1"]
[WhiteTeam "Bochum SC an der Uni"]
[BlackTeam "Doppelbauer Brambauer"]
[WhiteTeamCountry "GER"]
[BlackTeamCountry "GER"]

1. d4 Nf6 2. c4 e6 3. Nc3 Bb4 4. Bd2 0-0 5. Nf3 c5 6. e3 cxd4 7. exd4 d5 8. c5 b6 9. cxb6 Qxb6 10. a3 Bxc3 11. Bxc3 Nc6 12. Be2 Ba6 13. 0-0 Ne4 14. Re1 Rab8 15. Bd3 Bxd3 16. Qxd3 Rfc8 17. Nd2 Ne5 18. dxe5 Qxf2+ 19. Kh1 Qxe1+ 20. Rxe1 Nf2+ 21. Kg1 Nxd3 22. Rb1 Rxc3 23. bxc3 Rxb1+ 24. Nxb1 Nxe5 25. Kf1 Nc4 26. Ke2 Kf8 27. Kd3 Ke7 0-1

[Event "Ruhrgebiet Verbandsliga2 1213"]
[Site "Nordrheinwestfalen"]
[Date "2013.02.24"]
[Round "7.7"]
[White "Bauch, Ralf"]
[Black "Pruefer, Wolfgang"]
[Result "1/2-1/2"]
[WhiteElo "1937"]
[BlackElo "1993"]
[PlyCount "92"]
[EventDate "2012.09.02"]
[EventType "team-tourn"]
[EventRounds "9"]
[EventCountry "GER"]
[SourceTitle "EXT 2020"]
[Source "ChessBase"]
[SourceDate "2019.10.17"]
[SourceVersion "1"]
[SourceVersionDate "2019.10.17"]
[SourceQuality "1"]
[WhiteTeam "Doppelbauer Brambauer"]
[BlackTeam "Oberhausen SV II"]
[WhiteTeamCountry "GER"]
[BlackTeamCountry "GER"]

1. d4 d5 2. c4 e6 3. Nc3 Nf6 4. Bg5 Nbd7 5. Nf3 c6 6. cxd5 exd5 7. e3 Be7 8. Bd3 Ne4 9. Bxe7 Qxe7 10. Qc2 f5 11. 0-0 0-0 12. Rab1 a5 13. a3 Rf6 14. Ne2 b5 15. Ng3 Bb7 16. Nh4 Raf8 17. Nhxf5 Qe6 18. Nxe4 dxe4 19. Bxe4 Rxf5 20. Bxf5 Rxf5 21. e4 Rf7 22. Rfe1 Nf6 23. Rbd1 Re7 24. f3 Qd7 25. Qc5 h6 26. a4 bxa4 27. Qxa5 g5 28. Qxa4 g4 29. Qb3+ Kh7 30. Qd3 Nh5 31. e5+ Kg7 32. Re4 gxf3 33. Qxf3 c5 34. Rg4+ Kh7 35. Qd3+ Kh8 36. Qg6 Rg7 37. Qxh6+ Kg8 38. e6 Qa4 39. Rxg7+ Nxg7 40. Rd2 cxd4 41. Qg6 Ba6 42. h3 d3 43. Rf2 Qd4 44. e7 Bb5 45. Qg5 Kh7 46. Qd2 Qe4 1/2-1/2

[Event "Ruhrgebiet Verbandsliga2 1213"]
[Site "Nordrheinwestfalen"]
[Date "2013.01.13"]
[Round "5.7"]
[White "Bauch, Ralf"]
[Black "Wagner, Peter"]
[Result "1-0"]
[WhiteElo "1937"]
[BlackElo "1712"]
[PlyCount "89"]
[EventDate "2012.09.02"]
[EventType "team-tourn"]
[EventRounds "9"]
[EventCountry "GER"]
[SourceTitle "EXT 2020"]
[Source "ChessBase"]
[SourceDate "2019.10.17"]
[SourceVersion "1"]
[SourceVersionDate "2019.10.17"]
[SourceQuality "1"]
[WhiteTeam "Doppelbauer Brambauer"]
[BlackTeam "Mengede SG"]
[WhiteTeamCountry "GER"]
[BlackTeamCountry "GER"]

1. d4 d5 2. c4 e6 3. Nc3 Nf6 4. Bg5 Be7 5. e3 0-0 6. Nf3 a6 7. cxd5 exd5 8. Bd3 c6 9. Qc2 h6 10. Bh4 Ne8 11. Bxe7 Qxe7 12. 0-0 Nf6 13. Rab1 a5 14. a3 b5 15. Ne5 Bb7 16. Ne2 Nfd7 17. Nxd7 Nxd7 18. Ng3 g6 19. a4 b4 20. Rfc1 Kg7 21. Qe2 f5 22. Qf3 Rac8 23. Qf4 Qe6 24. h4 Nf6 25. Bxf5 gxf5 26. Nxf5+ Kf7 27. Nd6+ Ke7 28. Nxc8+ Rxc8 29. Rc5 Qe4 30. Qxe4+ Nxe4 31. Rxa5 Ra8 32. Rxa8 Bxa8 33. Rd1 Ke6 34. f3 Nd6 35. Kf2 Bb7 36. Rc1 Nc4 37. g4 Nxb2 38. Rb1 Nd3+ 39. Ke2 Ba6 40. Kd2 Bc4 41. a5 b3 42. Rxb3 Bxb3 43. a6 Nb2 44. Kc3 Nc4 45. Kxb3 1-0

[Event "Ruhrgebiet Verbandsliga2 1213"]
[Site "Nordrheinwestfalen"]
[Date "2012.10.28"]
[Round "3.6"]
[White "Thanabalasingam, Ajandhan"]
[Black "Bauch, Ralf"]
[Result "1/2-1/2"]
[WhiteElo "1924"]
[BlackElo "1937"]
[PlyCount "62"]
[EventDate "2012.09.02"]
[EventType "team-tourn"]
[EventRounds "9"]
[EventCountry "GER"]
[SourceTitle "EXT 2020"]
[Source "ChessBase"]
[SourceDate "2019.10.17"]
[SourceVersion "1"]
[SourceVersionDate "2019.10.17"]
[SourceQuality "1"]
[WhiteTeam "Bochum SG III"]
[BlackTeam "Doppelbauer Brambauer"]
[WhiteTeamCountry "GER"]
[BlackTeamCountry "GER"]

1. e4 e6 2. d4 d5 3. Nc3 Bb4 4. e5 b6 5. Qg4 Bf8 6. Bb5+ c6 7. Ba4 Ne7 8. Nce2 Nf5 9. c3 Bd7 10. Bc2 h5 11. Qf3 Be7 12. Bxf5 exf5 13. h4 g6 14. g3 Na6 15. Nh3 Nc7 16. 0-0 Kf8 17. Bg5 Kg7 18. Nef4 Be6 19. Kg2 Qd7 20. Bxe7 Qxe7 21. Ng5 Rad8 22. Rad1 Rde8 23. Rfe1 Bc8 24. c4 Ne6 25. Nfxe6+ Bxe6 26. Nxe6+ fxe6 27. cxd5 cxd5 28. Rc1 Rc8 29. Rc3 Rc7 30. Rec1 Rhc8 31. Qe3 Rxc3 1/2-1/2

[Event "Ruhrgebiet Verbandsliga2 1112"]
[Site "Nordrheinwestfalen"]
[Date "2012.04.22"]
[Round "9.7"]
[White "Bauch, Ralf"]
[Black "Brockmann, Michael"]
[Result "1/2-1/2"]
[WhiteElo "1925"]
[BlackElo "2007"]
[PlyCount "36"]
[EventDate "2011.09.18"]
[EventType "team-tourn"]
[EventRounds "9"]
[EventCountry "GER"]
[SourceTitle "EXT 2020"]
[Source "ChessBase"]
[SourceDate "2019.10.17"]
[SourceVersion "1"]
[SourceVersionDate "2019.10.17"]
[SourceQuality "1"]
[WhiteTeam "Doppelbauer Brambauer"]
[BlackTeam "Muelheim SC"]
[WhiteTeamCountry "GER"]
[BlackTeamCountry "GER"]

1. d4 d5 2. c4 e6 3. Nc3 Nf6 4. Bg5 Nbd7 5. e3 Be7 6. Nf3 0-0 7. Qc2 c5 8. cxd5 Nxd5 9. Bxe7 Nxe7 10. dxc5 Qa5 11. Bd3 h6 12. 0-0 Nxc5 13. Rad1 Nxd3 14. Qxd3 b6 15. Qe4 Ba6 16. Rfe1 Rad8 17. Ne5 Nd5 18. Qh4 Bb7 1/2-1/2

[Event "Ruhrgebiet Verbandsliga1 1011"]
[Site "Nordrheinwestfalen"]
[Date "2010.12.05"]
[Round "4.5"]
[White "Schroeder, Wilfried"]
[Black "Bauch, Ralf"]
[Result "1-0"]
[WhiteElo "2056"]
[BlackElo "1926"]
[PlyCount "53"]
[EventDate "2011.09.12"]
[EventType "team-tourn"]
[EventRounds "9"]
[EventCountry "GER"]
[SourceTitle "EXT 2020"]
[Source "ChessBase"]
[SourceDate "2019.10.17"]
[SourceVersion "1"]
[SourceVersionDate "2019.10.17"]
[SourceQuality "1"]
[WhiteTeam "Wattenscheid SV"]
[BlackTeam "Doppelbauer Brambauer"]
[WhiteTeamCountry "GER"]
[BlackTeamCountry "GER"]

1. d4 d5 2. Nf3 Nf6 3. c4 e6 4. g3 Be7 5. Bg2 0-0 6. 0-0 Nbd7 7. Qc2 c5 8. Rd1 cxd4 9. Nxd4 Qc7 10. cxd5 Nxd5 11. Bxd5 Qxc2 12. Nxc2 exd5 13. Nc3 Nf6 14. Ne3 Be6 15. Nexd5 Nxd5 16. Nxd5 Bxd5 17. Rxd5 Rad8 18. Rxd8 Rxd8 19. Be3 Bf6 20. Rc1 h6 21. b3 b5 22. Bxa7 Rd2 23. Rc8+ Kh7 24. a4 Ra2 25. Rc7 bxa4 26. bxa4 Rxe2 27. a5 1-0

[Event "Ruhrgebiet Verbandsliga1 1011"]
[Site "Nordrheinwestfalen"]
[Date "2010.10.24"]
[Round "2.4"]
[White "Bauch, Ralf"]
[Black "Hahn, Matthias"]
[Result "0-1"]
[WhiteElo "1926"]
[BlackElo "2067"]
[PlyCount "62"]
[EventDate "2011.09.12"]
[EventType "team-tourn"]
[EventRounds "9"]
[EventCountry "GER"]
[SourceTitle "EXT 2020"]
[Source "ChessBase"]
[SourceDate "2019.10.17"]
[SourceVersion "1"]
[SourceVersionDate "2019.10.17"]
[SourceQuality "1"]
[WhiteTeam "Doppelbauer Brambauer"]
[BlackTeam "Bochum-Linden-Dahlhausen"]
[WhiteTeamCountry "GER"]
[BlackTeamCountry "GER"]

1. d4 Nf6 2. c4 e6 3. Nf3 Bb4+ 4. Bd2 Qe7 5. Nc3 Bxc3 6. Bxc3 Ne4 7. Qc2 Nxc3 8. Qxc3 0-0 9. g3 b6 10. Bg2 Bb7 11. 0-0 d6 12. Rac1 Nd7 13. Rfd1 Rfe8 14. Qc2 Rab8 15. Qa4 a5 16. Qc2 e5 17. d5 Bc8 18. Rf1 Nc5 19. e4 Rf8 20. Nd2 f5 21. Rce1 f4 22. f3 h5 23. Kf2 fxg3+ 24. hxg3 h4 25. gxh4 Qxh4+ 26. Ke2 b5 27. cxb5 Rxb5 28. Kd1 Rb4 29. Rh1 Qf2 30. Bh3 Qd4 31. Bxc8 Rxb2 0-1

[Event "Ruhrgebiet VL1 0910"]
[Site "Germany"]
[Date "2010.02.21"]
[Round "7.5"]
[White "Bauch, Ralf"]
[Black "Bobzin, Pierre David"]
[Result "1/2-1/2"]
[WhiteElo "2069"]
[BlackElo "2196"]
[PlyCount "39"]
[EventDate "2009.09.06"]
[EventType "team-tourn"]
[EventRounds "9"]
[EventCountry "GER"]
[SourceTitle "EXT 2011"]
[Source "ChessBase"]
[SourceDate "2010.11.26"]
[SourceVersion "1"]
[SourceVersionDate "2010.11.26"]
[SourceQuality "1"]
[WhiteTeam "Brambauer"]
[BlackTeam "Holsterhausen"]
[WhiteTeamCountry "GER"]
[BlackTeamCountry "GER"]

1. d4 Nf6 2. Nf3 g6 3. c4 Bg7 4. Nc3 0-0 5. e4 d6 6. Be2 Nbd7 7. 0-0 e5 8. Be3 Ng4 9. Bg5 f6 10. Bc1 Nh6 11. h3 Nf7 12. Be3 Bh6 13. Qd2 Bxe3 14. Qxe3 c6 15. Rfd1 Qb6 16. Rab1 a5 17. b3 Re8 18. Rbc1 Kg7 19. Qd2 Qb4 20. d5 1/2-1/2

[Event "Ruhrgebiet VL1 0910"]
[Site "Germany"]
[Date "2009.09.27"]
[Round "2.5"]
[White "Boehmfeldt, Rolf"]
[Black "Bauch, Ralf"]
[Result "0-1"]
[WhiteElo "1883"]
[BlackElo "2069"]
[PlyCount "40"]
[EventDate "2009.09.06"]
[EventType "team-tourn"]
[EventRounds "9"]
[EventCountry "GER"]
[SourceTitle "EXT 2011"]
[Source "ChessBase"]
[SourceDate "2010.11.26"]
[SourceVersion "1"]
[SourceVersionDate "2010.11.26"]
[SourceQuality "1"]
[WhiteTeam "Buer"]
[BlackTeam "Brambauer"]
[WhiteTeamCountry "GER"]
[BlackTeamCountry "GER"]

1. Nf3 c5 2. e3 Nf6 3. b3 g6 4. Bb2 Bg7 5. Be2 0-0 6. 0-0 Nc6 7. d4 d6 8. d5 Nb4 9. c4 Bf5 10. a3 Na6 11. Ne1 Nc7 12. f3 Bd7 13. e4 b5 14. Qc2 Rb8 15. Nd2 bxc4 16. bxc4 Rxb2 17. Qxb2 Nxe4 18. Qa2 Nxd2 19. Rf2 Bxa1 20. Qxa1 Nb3 0-1

[Event "Ruhrgebiet VK2 0708"]
[Site "Germany"]
[Date "2007.11.18"]
[Round "3.2"]
[White "Smolka, Alexander"]
[Black "Bauch, Ralf"]
[Result "1-0"]
[WhiteElo "1990"]
[BlackElo "2103"]
[PlyCount "83"]
[EventDate "2007.09.16"]
[EventType "team"]
[EventRounds "9"]
[EventCountry "GER"]
[SourceTitle "EXT 2009"]
[Source "ChessBase"]
[SourceDate "2008.11.26"]
[SourceVersion "1"]
[SourceVersionDate "2008.11.26"]
[SourceQuality "1"]
[WhiteTeam "Dortmund Hansa III"]
[BlackTeam "Brambauer II"]
[WhiteTeamCountry "GER"]
[BlackTeamCountry "GER"]

1. Nf3 c5 2. e4 Nc6 3. d4 cxd4 4. Nxd4 Nf6 5. Nc3 e5 6. Ndb5 d6 7. Bg5 a6 8. Na3 b5 9. Bxf6 gxf6 10. Nd5 Be6 11. c3 f5 12. exf5 Bxf5 13. Qf3 Be6 14. Nf6+ Ke7 15. Nc2 Rc8 16. Ne3 Bg7 17. Nfd5+ Kf8 18. Bd3 Qa5 19. 0-0 Ne7 20. Be4 Rb8 21. a3 Qd8 22. Rad1 Qd7 23. Nf6 Qc7 24. Bd5 Qc8 25. Bxe6 Qxe6 26. Nfd5 e4 27. Qh5 Qg6 28. Qh3 Rd8 29. Nxe7 Kxe7 30. Nf5+ Kf8 31. Nxd6 Ke7 32. Nf5+ Kf6 33. Ne3 Bh6 34. Nd5+ Kg7 35. Ne7 Qg5 36. Nf5+ Kg6 37. Nxh6 Qxh6 38. Qg4+ Kf6 39. Qxe4 Rhe8 40. Qc6+ Re6 41. Qf3+ Ke7 42. Qb7+ 1-0

[Event "Marianske Lazne op"]
[Site "Marianske Lazne"]
[Date "2007.01.26"]
[Round "8"]
[White "Vavra, Pavel"]
[Black "Bauch, Ralf"]
[Result "1-0"]
[WhiteElo "2171"]
[BlackElo "2085"]
[PlyCount "37"]
[EventDate "2007.01.20"]
[EventType "swiss"]
[EventRounds "9"]
[EventCountry "CZE"]
[SourceTitle "EXT 2008"]
[Source "ChessBase"]
[SourceDate "2007.11.25"]
[SourceVersion "1"]
[SourceVersionDate "2007.11.25"]
[SourceQuality "1"]

1. Nf3 g6 2. d4 Nf6 3. c4 Bg7 4. Nc3 0-0 5. Bg5 d6 6. e3 Nbd7 7. Be2 c6 8. Qc2 e5 9. 0-0 Qe7 10. Rad1 Re8 11. dxe5 dxe5 12. Nd2 Nf8 13. a3 a5 14. Na4 Ne6 15. Bxf6 Bxf6 16. Ne4 Bg7 17. Nb6 Rb8 18. Nd6 Nd4 19. Ndxc8 1-0